Slumdog millionaire (Record no. 135630)
[ view plain ]
| 000 -LEADER | |
|---|---|
| fixed length control field | 01757nam a2200241Ia 4500 |
| 003 - CONTROL NUMBER IDENTIFIER | |
| control field | OSt |
| 005 - DATE AND TIME OF LATEST TRANSACTION | |
| control field | 20260220094131.0 |
| 008 - FIXED-LENGTH DATA ELEMENTS--GENERAL INFORMATION | |
| fixed length control field | 210210b2004 xxu||||| |||| 00| 0 eng d |
| 020 ## - INTERNATIONAL STANDARD BOOK NUMBER | |
| International Standard Book Number | 9780552775427 |
| 040 ## - CATALOGING SOURCE | |
| Transcribing agency | AL |
| 041 ## - LANGUAGE CODE | |
| Language code of text/sound track or separate title | eng |
| 082 ## - DEWEY DECIMAL CLASSIFICATION NUMBER | |
| Classification number | 820.33 SWAS |
| 100 ## - MAIN ENTRY--PERSONAL NAME | |
| Personal name | Vikas Swarup |
| 9 (RLIN) | 256023 |
| 245 ## - TITLE STATEMENT | |
| Title | Slumdog millionaire |
| 260 ## - PUBLICATION, DISTRIBUTION, ETC. | |
| Place of publication, distribution, etc. | Great Britain |
| Name of publisher, distributor, etc. | Black Swan |
| Date of publication, distribution, etc. | 2004 |
| 300 ## - PHYSICAL DESCRIPTION | |
| Extent | 382p |
| 520 ## - SUMMARY, ETC. | |
| Summary, etc. | SLUMDOG MILLIONAIRE is the story of Jamal Malik, an 18 year-old orphan from the slums of Mumbai, who is about to experience the biggest day of his life. With the whole nation watching, he is just one question away from winning a staggering 20 million rupees on India's 'Who Wants to Be a Millionaire?' But when the show breaks for the night, police arrest him on suspicion of cheating; how could a street kid know so much? Desperate to prove his innocence, Jamal tells the story of his life in the slum where he and his brother grew up, of their adventures together on the road, of vicious encounters with local gangs, and of Latika, the girl he loved and lost. Starring Dev Patel, Anil Kapoor, Irrfan Khan, Madhur Mittal, Freida Pinto Director Danny Boyle Special Features: Anamorphic Widescreen - 2.35 Audio: Dolby Digital 5.1 - English Dolby Digital Surround - French Subtitles - English, French, Spanish Additional Release Material: Deleted Scenes: 12 Deleted Scenes Trailers: Forced Trailers: NOTORIOUS, S. DARKO, BOTTLE SHOCK, THE OTHER END OF THE LINE Featurette: Slumdog Cutdown Documentary: Slumdog Dreams: Danny Boyle & the Making of SLUMDOG MILLIONAIRE Runtime: 120 Minutes. |
| 650 ## - SUBJECT ADDED ENTRY--TOPICAL TERM | |
| Topical term or geographic name entry element | Slumdog |
| 9 (RLIN) | 256024 |
| 650 ## - SUBJECT ADDED ENTRY--TOPICAL TERM | |
| Topical term or geographic name entry element | millionaire |
| 9 (RLIN) | 256025 |
| 690 ## - LOCAL SUBJECT ADDED ENTRY--TOPICAL TERM (OCLC, RLIN) | |
| Topical term or geographic name as entry element | Indian English Fiction |
| 9 (RLIN) | 256026 |
| 906 ## - LOCAL DATA ELEMENT F, LDF (RLIN) | |
| a | 063403 |
| 942 ## - ADDED ENTRY ELEMENTS (KOHA) | |
| Source of classification or shelving scheme | Dewey Decimal Classification |
| Koha item type | Book |
| Withdrawn status | Lost status | Source of classification or shelving scheme | Damaged status | Not for loan | Collection code | Home library | Current library | Date acquired | Source of acquisition | Cost, normal purchase price | Total Checkouts | Total Renewals | Full call number | Barcode | Date due | Date last seen | Date last checked out | Price effective from | Koha item type |
|---|---|---|---|---|---|---|---|---|---|---|---|---|---|---|---|---|---|---|---|
| Dewey Decimal Classification | English | St Aloysius Library | St Aloysius Library | 02/17/2021 | Athree book centre | 269.00 | 6 | 1 | 820.33 SWAS | 063403 | 07/06/2026 | 06/25/2026 | 06/25/2026 | 02/17/2021 | Book |